An enhanced risk identification and assessment model to improve software risk management /
Saved in:
| Main Author: | |
|---|---|
| Format: | Thesis Book |
| Language: | English |
| Published: |
2017.
|
| Subjects: | |
| Online Access: | http://studentsrepo.um.edu.my/7386/ |
| Tags: |
Add Tag
No Tags, Be the first to tag this record!
|
| LEADER | 01288cam a2200313 i 4500 | ||
|---|---|---|---|
| 001 | u1052042 | ||
| 003 | SIRSI | ||
| 005 | 201703301429 | ||
| 008 | 170330s2017 my a m 000 0 eng | ||
| 040 | |a UMM |e rda | ||
| 090 | |a QA76 |b UMP 2017 Kha | ||
| 100 | 1 | |a Khatavakhotan, Ahdieh Sadat, |e author. | |
| 245 | 1 | 3 | |a An enhanced risk identification and assessment model to improve software risk management / |c Ahdieh Sadat Khatavakhotan. |
| 264 | 1 | |c 2017. | |
| 264 | 4 | |c 2017. | |
| 300 | |a xx, 341 leaves : |b illustrations ; |c 30 cm. | ||
| 336 | |a text |2 rdacontent | ||
| 337 | |a unmediated |2 rdamedia | ||
| 338 | |a volume |2 rdacarrier | ||
| 502 | |b Ph.D. |c Jabatan Kejuruteraan Perisian, Fakulti Sains Komputer dan Teknologi Maklumat, Universiti Malaya |d 2017. | ||
| 504 | |a Bibliography: leaves 173-185. | ||
| 650 | 0 | |a Computer software |x Development |x Management. | |
| 650 | 0 | |a Risk management. | |
| 710 | 2 | |a Universiti Malaya. |b Jabatan Kejuruteraan Perisian, |e degree granting institution. | |
| 856 | 4 | 1 | |u http://studentsrepo.um.edu.my/7386/ |
| 900 | |a NSR NSM | ||
| 596 | |a 1 25 | ||
| 999 | |a QA76 UMP 2017 KHA |w LC |c 1 |i A516680809 |d 7/6/2017 |f 7/6/2017 |g 1 |l STACKS |m P01UTAMA |r Y |s Y |t TESIS |u 7/6/2017 |1 STEM | ||
| 999 | |a QA76 UMP 2017 KHA |w LC |c 1 |i A516746765 |l STACKS |m P25UMARCHI |r N |s Y |t CD |u 21/11/2017 |1 AHSS | ||
